El Proceso de paz en Guatemala: el papel de España /

Enregistré dans:
Détails bibliographiques
Auteur principal: Laiglesia, Juan Pablo de
Format: Texte
Tags: Ajouter un tag
Pas de tags, Soyez le premier à ajouter un tag!

MARC

LEADER 00000 a a2200000 04500
001 18155
003
040
100 |a Laiglesia, Juan Pablo de  
245 |a El Proceso de paz en Guatemala:   |b el papel de España /  |c Juan Pablo de Laiglesia 
773 |g número 27 -28; páginas 157-172  
999 |c 20835  |d 20835